|
|
|
|
| LEADER |
00000caa a22000002c 4500 |
| 001 |
1912546418 |
| 003 |
DE-627 |
| 005 |
20250109091551.0 |
| 007 |
cr uuu---uuuuu |
| 008 |
241217s2024 xx |||||o 00| ||eng c |
| 024 |
7 |
|
|a 10.1080/01924036.2024.2379247
|2 doi
|
| 035 |
|
|
|a (DE-627)1912546418
|
| 035 |
|
|
|a (DE-599)KXP1912546418
|
| 040 |
|
|
|a DE-627
|b ger
|c DE-627
|e rda
|
| 041 |
|
|
|a eng
|
| 084 |
|
|
|a 2,1
|2 ssgn
|
| 100 |
1 |
|
|a Wojciechowski, Thomas
|e VerfasserIn
|4 aut
|
| 245 |
1 |
0 |
|a Examining gang membership and victimisation as predictors of gun violence perpetration: Testing for interactive effects
|
| 264 |
|
1 |
|c 2024
|
| 336 |
|
|
|a Text
|b txt
|2 rdacontent
|
| 337 |
|
|
|a Computermedien
|b c
|2 rdamedia
|
| 338 |
|
|
|a Online-Ressource
|b cr
|2 rdacarrier
|
| 773 |
0 |
8 |
|i Enthalten in
|t International journal of comparative and applied criminal justice
|d London : Routledge, Taylor & Francis Group, 1997
|g (2024)
|h Online-Ressource
|w (DE-627)646077481
|w (DE-600)2593110-6
|w (DE-576)338207961
|x 2157-6475
|7 nnas
|
| 773 |
1 |
8 |
|g year:2024
|
| 856 |
|
|
|u https://www.tandfonline.com/doi/pdf/10.1080/01924036.2024.2379247?needAccess=true
|x unpaywall
|z Vermutlich kostenfreier Zugang
|h publisher [deprecated]
|
| 856 |
4 |
0 |
|u https://doi.org/10.1080/01924036.2024.2379247
|x Resolving-System
|z kostenfrei
|3 Volltext
|7 0
|
| 935 |
|
|
|a mkri
|
| 951 |
|
|
|a AR
|
| ELC |
|
|
|a 1
|
| LOK |
|
|
|0 000 xxxxxcx a22 zn 4500
|
| LOK |
|
|
|0 001 4637511917
|
| LOK |
|
|
|0 003 DE-627
|
| LOK |
|
|
|0 004 1912546418
|
| LOK |
|
|
|0 005 20241217044437
|
| LOK |
|
|
|0 008 241217||||||||||||||||ger|||||||
|
| LOK |
|
|
|0 035
|a (DE-2619)ICPSR177114
|
| LOK |
|
|
|0 040
|a DE-2619
|c DE-627
|d DE-2619
|
| LOK |
|
|
|0 092
|o n
|
| LOK |
|
|
|0 852
|a DE-2619
|
| LOK |
|
|
|0 852 1
|9 00
|
| LOK |
|
|
|0 935
|a nacp
|
| LOK |
|
|
|0 939
|a 17-12-24
|b l01
|
| OAS |
|
|
|a 1
|
| ORI |
|
|
|a SA-MARC-krimdoka001.raw
|